LEADER 01033nam1-2200373---450- 001 990001017950203316 005 20060123145313.0 035 $a0101795 035 $aUSA010101795 035 $a(ALEPH)000101795USA01 035 $a0101795 100 $a20020306d1990----km-y0itay0103----ba 101 $aita 102 $aIT 105 $a||||||||001yy 200 1 $aNuova cronica$fGiovanni Villani$gedizione critica di Giuseppe porta 210 $cFondazione Pietro Bembo$aParma$cU. Guanda$d1990 215 $av.$d19 cm 410 $12001 461 1$1001-------$12001 676 $a945.51 700 1$aVILLANI,$bGiovanni$01822 702 1$aPORTA,$bGiuseppe 801 0$aIT$bsalbc$gISBD 912 $a990001017950203316 951 $aV A 940$bLM$cV A 959 $aBK 969 $aUMA 979 $aPATTY$b90$c20020306$lUSA01$h1203 979 $c20020403$lUSA01$h1743 979 $aPATRY$b90$c20040406$lUSA01$h1710 979 $aCOPAT2$b90$c20060123$lUSA01$h1453 996 $aNuova cronica$9215747 997 $aUNISA LEADER 01134nam0-22003851i-450 001 990000786140403321 005 20250805074527.0 035 $a000078614 035 $aFED01000078614 035 $a(Aleph)000078614FED01 035 $a000078614 100 $a20020821d1997----km-y0itay50------ba 101 0 $aita 102 $aIT 105 $aa-------001yy 200 1 $aFrank Lloyd Wright$edesigner of furniture$fFilippo Alison$gprefazione Bruce B. Pfeiffer 210 $aNapoli$cFratelli Fiorentino$d1997 215 $a269 p.$cill.$d32 cm 610 0 $aWright Frank Lloyd$aDesign 610 0 $aMobili$aDesign$a1900-1940 700 1$aAlison,$bFilippo$f<1930- >$011009 702 1$aWright,$bFrank Lloyd$f<1869-1959> 801 0$aIT$bUNINA$gRICA$2UNIMARC 901 $aBK 912 $a990000786140403321 952 $aMON C 490$b9172$fFARBC 952 $aMON C 464$b8224$fFARBC 952 $a21 A 31 17$b1729a\436$fDINPU 952 $a10.437$b2807$fDARST 952 $aDE FUSCO 928$bRDF 966$fDARST 959 $aFARBC 959 $aDINPU 959 $aDARST 996 $aFrank Lloyd Wright$9350523 997 $aUNINA